Bilecik Bilecik Bilecik Bilecik Bilecik

Türkiye Selçukluları kültür hayatı : (Record no. 16623)

MARC details
000 -BAŞLIK
Sabit Uzunluktaki Kontrol Alanı 01057nam a22003377a 4500
001 - KONTROL NUMARASI
Control Dosyası 0016662
003 - KONTROL NUMARASI KİMLİĞİ
Kontrol Alanı KOHA_MİRAKIL
005 - EN SON İŞLEM TARİHİ ve ZAMANI
Kontrol Alanı 20260207002112.0
007 - FİZİKSEL TANIM SABİT ALAN - GENEL BİLGİ
Sabit uzunluklu kontrol alanı ta
008 - SABİT UZUNLUKTAKİ VERİ ÖGELERİ - GENEL BİLGİ
Sabit Alan 100421b1977 tu |||gr||||#||||0|tur |
040 ## - KATALOGLAMA KAYNAĞI
Özgün Kataloglama Kurumu TR-BiSEU
Kataloglama Dili tur
Çeviri Kurumu TR-BiSEU
Açıklama Kuralları rda
041 0# - DİL KODU
Metin ya da ses kaydının dil kodu tur
044 ## - YAYINLAYAN/ÜRETEN KURULUŞUN ÜLKE KODU
ISO country code tu
050 ## - SINIFLAMA ve YER NUMARASI
Sınıflama Numarası DS27
Yer Numarası .T36 1977
100 1# - KİŞİ ADI
Yazar Adı (Kişi adı) Taneri, Aydın.
245 1# - ESER ADI BİLDİRİMİ
Başlık Türkiye Selçukluları kültür hayatı :
Alt Eseradı vb. Menâkibü'l-arifin'in değerlendirilmesi/
Sorumluluk Bildirimi Aydın Taneri ; Aydın Taneri.
264 #1 - ÜRERİM, YAYIN, DAĞITIM ve TELİF BİLDİRİMİ
Yayın yeri Konya :
Yayınlayan Bilge Yayınları
Yayın tarihi 1977
300 ## - FİZİKSEL TANIMLAMA
Sayfa, Cilt vb. 106, [3] sayfa; 20 cm.
336 ## - İÇERİK TÜRÜ
Content type term metin
Content type code txt
Source rdacontent
337 ## - MEDYA TÜRÜ
Media type term aracısız
Media type code n
Source rdamedia
338 ## - TAŞIYICI TÜRÜ
Carrier type term cilt
Carrier type code nc
Source rdacarrier
490 1# - DİZİ BİLDİRİMİ
Dizi Bildirimi Bilge yayınları ;
Cilt Numarası 2.
490 1# - DİZİ BİLDİRİMİ
Dizi Bildirimi Tarihi eserler ;
Cilt Numarası 1.
500 ## - GENEL NOT
Genel Not Kaynakça var.
650 #0 - KONU BAŞLIĞI EK GİRİŞ - KONU TERİMİ
Konusal terim veya coğrafi ad Aflaki, Shams al-Din Ahmad, d. 1360.
9 (RLIN) 38595
650 #0 - KONU BAŞLIĞI EK GİRİŞ - KONU TERİMİ
Konusal terim veya coğrafi ad Seljuks.
9 (RLIN) 10826
650 #0 - KONU BAŞLIĞI EK GİRİŞ - KONU TERİMİ
Konusal terim veya coğrafi ad Seljuks--Turkey--History.
9 (RLIN) 14853
830 1# - SERİ EK GİRİŞİ - TEKBİÇİM ESER ADI
Tekbiçim Başlık Bilge yayınları ;
Volume number/sequential designation 2.
9 (RLIN) 31462
830 1# - SERİ EK GİRİŞİ - TEKBİÇİM ESER ADI
Tekbiçim Başlık Tarihi eserler ;
Volume number/sequential designation 1.
9 (RLIN) 38596
942 ## - EK GİRİŞ ÖGELERİ (KOHA)
Source of classification or shelving scheme Library of Congress Classification
Koha item type Book
Holdings
Materyal Türü Kalıcı Konum Mevcut Konum Raf Yeri Sınıflandırma Kaynağı Edinim Bilgisi Ana Konular Alt Konular Yer Numarası Demirbaş Numarası Fatura Tarihi Maliyet, Alış Fiyatı Maliyet, Yenileme Fiyatı Geri Çekilme Durumu Kayıp Durumu Hasarlı Durumu Kredi için değil Kayıt Tarih Toplam Ödünçverme Son Görülme Tarihi Son Kontrol Tarihi Genel / Bağış Notu
Book Prof. Dr. Azmi Özcan Kütüphanesi Prof. Dr. Azmi Özcan Kütüphanesi Uluğbey Salonu Library of Congress Classification Bağış DÜNYA TARİHİ (AVRUPA, ASYA, AFRİKA VB.) Asya DS27 .T36 1977 0016662 13/08/2010 1.50 1.50         21/04/2010 10 05/12/2024 05/12/2024 M.Ali Gökaçtı